Countries with the highest temperature variation - Statistics

General Stats
  • This quiz has been taken 79 times
  • The average score is 12 of 15
Answer Stats
Range (°F) Range (°C) Country % Correct
203.8 113.2 Russia
98%
202.5 112.5 Canada
97%
214.0 118.9 United States
97%
194.9 108.8 China
95%
119.8 110.0 India
90%
191.0 106.1 Kazakhstan
87%
178.7 99.3 Mongolia
87%
190.3 105.7 Pakistan
81%
119.8 110.0 Tajikistan
75%
171.9 95.5 Turkey
75%
183.8 102.1 Afghanistan
71%
177.1 98.4 Italy
68%
175.7 97.6 Kyrgyzstan
68%
163.8 91.0 Sweden
67%
167.6 93.1 Austria
44%
No matching quizzes found
Score Distribution
Percent of People with Each Score
Percentile by Number Answered
Your Score History
You have not taken this quiz